Le temple dans l'homme /

محفوظ في:

المؤلف الرئيسي: Schwaller de Lubicz, R. A (مؤلف)

التنسيق: كتاب

اللغة: French

منشور في: Paris : Dervy-Livres, 1982, ©1979.

سلاسل: Architecture et symboles sacrés.

الموضوعات:

الوسوم: إضافة وسم

لا توجد وسوم, كن أول من يضع وسما على هذه التسجيلة!

رقم الطلب: BF1434 .E3 S35 1982

LEADER 00739nam a2200241Ia 4500
001 4965
003 OSt
005 20250910080725.0
008 130303t19821979fr af 000 0 fre d
020 |a 2850761028 
040 |c ARCE Library 
043 |a f-ua--- 
050 4 |a BF1434 .E3 S35 1982 
100 1 |a Schwaller de Lubicz, R. A,  |e author 
245 1 3 |a Le temple dans l'homme /  |c R.A. Schwaller de Lubicz. 
264 1 |a Paris :   |b Dervy-Livres,   |c 1982, ©1979. 
300 |a 137 pages, [12] pages de planches :   |b illustrations, plans ;   |c 22 cm. 
490 0 |a Architecture et symboles sacrés. 
610 2 0 |a Temple of Luxor (Luxor, Egypt)  |v Miscellanea. 
650 0 |a Occultism  |z Egypt. 
901 |a reviewed 
942 |c BK  |2 lcc 
999 |c 5356  |d 5356